| 000 | 00664nam a22001337a 4500 | ||
|---|---|---|---|
| 082 | _a005.8,KHA | ||
| 100 |
_aKhalid, Saneeha _935163 |
||
| 245 |
_aForensic Analysis of IIS FTP Publishing Service (Version 7.5) / _cSaneeha Khalid |
||
| 260 |
_aRawalpindi _bMCS (NUST) _cFeb 2012 |
||
| 300 | _aix, 58 p, | ||
| 505 | _aIntroduction (Page-1), Literature Review (Page-6), Selection and Application of Computer Forensic Framework (Page-17), Analysis IIS FTP Publishing Service (Page-27), File Sever Activity Tracker (Page-38), Securing the Configuration File (Page-45), Conclusion and Future Work (Page-53). | ||
| 650 |
_aPG Thesis _935000 |
||
| 942 |
_2ddc _cTHE _k005.8,KHA |
||
| 999 |
_c608211 _d608211 |
||